000
00456nam a22001457a 4500
003
SGT
020
_a
8177695568
082
_a
070
_b
K08S
100
_a
सिंह, वशिष्ठ नारायण
245
_a
काशी की हिंदी पत्रकारिता का इतिहास
260
_b
पिलग्रिम्स पब्लिशिंग
_c
2008
300
_a
304
650
_a
JOURNALISM
942
_2
ddc
_c
BK
999
_c
28649
_d
28649